00453 2200181 4500001002100000005001500021035002000036008004100056245004300097100002200140250000600162260004400168300001100212084001400223082000800237650001400245990001200259INLIS00000000000018120240502114022 a0010-0424000157240502 0 ind 1 aAyo, Mengukur Suhu /cAlanna Faradiana aFaradiana, Alanna a1 aSurabaya :bCV. Graha Ilmu Mulia,c2009 a29 hlm a500 ALA a a500 4aNon Fiksi a0732473